• 首页
  • 本馆介绍
  • 公告通知
  • 最新文献
  • 馆藏检索
  • 电子资源
  • 读者导购
  • 参考咨询
  • 我的图书馆
  • 登录
  • 详细信息显示
  • 放入我的书架
  • 预约/预借图书
  • 作者相关作品
  • 分类相关作品
  • 丛书相关作品
  • 出版社相关作品

书目信息

  • 表格格式
  • 工作单格式
  • 卡片格式
题名:
情境式法语图解字典
    
 
作者: ;希伯伦公司 编著
分册:  
出版信息: 北京   外文出版社有限责任公司  2016
页数: 386页
开本: 23cm
丛书名:
单 册:
中图分类: H326
科图分类:
主题词: 法语--fa yu--图解词典
电子资源:
ISBN: 978-7-119-09754-1
000 01045nam0 22002651 450
001 1761029932
005 20170619171955.0
010    @a978-7-119-09754-1@dCNY59.00 (含光盘)
100    @a20160223d2016 em y0chiy50 ea
101 0  @achi@afre
102    @aCN@b110000
105    @aa e 001yy
106    @ar
200 1  @a情境式法语图解字典@9qing jing shi fa yu tu jie zi dian@dLiveABC's illustrated French-Chinese dictionary@f希伯伦公司编著@zeng
210    @a北京@c外文出版社有限责任公司@d2016
215    @a386页@d23cm@e附光盘1片
305    @aLiveABC interactive corporation授权出版
307    @a附光盘:ISBN 978-7-900564-25-2 ISRC CN-M20-15-00036
330    @a本书包含16大主题,共115个学习单元。内容包括:俯瞰法国、人、居家、食物、餐厅、服饰、城市、学校、健康、交通、娱乐、运动、工作等。
510 1  @aLiveABC's illustrated French-Chinese dictionary@zeng
606 0  @a法语@9fa yu@j图解词典
690    @aH326@v5
711 02 @a希伯伦公司@9xi bai lun gong si@4编著
801  0 @aCN@b百万庄@c20170619
905    @b1013973-8@dH326@e126@f6
    
    情境式法语图解字典=LiveABC's illustrated French-Chinese dictionary/希伯伦公司编著.-北京:外文出版社有限责任公司,2016
    386页;23cm+附光盘1片
    
    
    ISBN 978-7-119-09754-1:CNY59.00 (含光盘)
    本书包含16大主题,共115个学习单元。内容包括:俯瞰法国、人、居家、食物、餐厅、服饰、城市、学校、健康、交通、娱乐、运动、工作等。
●
相关链接 在E读中查询图书 在五车中查询图书 在当当中查询图书 在豆瓣中查询图书


正题名:情境式法语图解字典     索取号:H326/126         预约/预借

序号 登录号 条形码 馆藏地/架位号 状态 备注
1 1013973   210139731   第二样本阅览室/ [索取号:H326/126] 在馆    
2 1013974   210139740   教育系资料室/ [索取号:H326/126] 在馆    
3 1013975   210139759   教育系资料室/ [索取号:H326/126] 在馆    
4 1013976   210139768   教育系资料室/ [索取号:H326/126] 在馆    
5 1013977   210139777   第四借阅区/ [索取号:H326/126] 在馆    
6 1013978   210139786   第四借阅区/ [索取号:H326/126] 在馆    
唐山师范学院图书馆 欢迎您!
大连网信软件有限公司© 版权所有